000 00543cam a22001934a 4500
005 20250605164245.0
008 250528s ||||||||||||||||||||||||d
035 _a21454
040 _aGR-AtMCL
_bgre
_dGR-AtMCL
_eAACR2
245 1 _aTHE LEADERS UPPER-INTERMEDIATE (SET OF 3)
250 _a1
260 _bHillside Press,
_c1998
505 0 _aINCLUDES: TEACHER'S BOOK, WORKBOOK, COURSEBOOK
520 _aINCLUDES: TEACHER'S BOOK, WORKBOOK, COURSEBOOK
700 1 _aKostakou A
_97490
942 _cBK
999 _c6516
_d6516